00624nam a22002177a 4500003000200000005001700002008000200019010001300021020002200034035002300056037001600079040001500095082001600110245006400126260004800190270005600238300003100294650002800325650003600353700001700389020180712163849.00 aB-181695 c00.00a8178811219 aB-181695, B-181696 bCen Lib/Ret aDPLbENc0 a384.53bMOB aMobile business :cedited by Vivek Guptabemerging trends / bThe ICFAI University Pressc2003aHyderabad a52, Nagarjuna Hills, PunjaguttabHyderabade500 082 ax,190p. :c22cm(pbk)bill. aMobile -- communication aMobile -- wireless technologies aGupta, Vivek